000 00396cam a22001337a 4500
008 180718b1966 xxu||||| |||| 00| 0 eng d
082 _aP4x42 L175
100 _aLambert, Royston
245 _aState and boarding education: a factual report
_cby Royston Lambert
260 _aLondon
_bMethuen
_c1966
300 _a96p.
650 _aBoarding schools
650 _aEducation and state --Great Britain
999 _c370141
_d370141